Music Quiz

Random Music or Album Quiz

Cirkumvent albums Quiz Stats

 Plays Quiz not verified by Sporcle

Score 0/13 Timer 03:00
0 Plays Today
Year Released Album % Correct
2000Autistic Acoustic
100%
2006The Cirkumvent Solution
100%
2009Ca$h Money
100%
2012?Project Viper Strike?
100%
1996Commies Stink You Suck
83.3%
1996Dreams of Giancarlo Greasy Love Songs
83.3%
1998Shabazz!
83.3%
1997Hello Fluffy
66.7%
1997...2, 3, 4!
66.7%
1999Can I Hear You Say Phat?
66.7%
1999I Didn't Hear You Say Phat!
66.7%
2003In Bryan's Car Hole
66.7%
2005In The Heat Corner
66.7%

You're not logged in!

Compare scores with friends on all Sporcle quizzes.
OR
Log In

Show Comments

Extras

Top Quizzes Today


Score Distribution

Your Account Isn't Verified!

In order to create a playlist on Sporcle, you need to verify the email address you used during registration. Go to your Sporcle Settings to finish the process.

Report this User

Report this user for behavior that violates our Community Guidelines.

Details: